000 01680cam a22003494a 4500
001 14381253
005 20070726072538.0
008 060518s2008 maua 001 0 eng
010 _a 2006016656
020 _a9780071259293 (hard copy : alk. paper)
035 _a(OCoLC)ocm69331794
035 _a(OCoLC)69331794
040 _aDLC
_cDLC
_dBAKER
_dC#P
_dBTCTA
_dDLC
050 0 0 _aTA645
_b.L34 2008
082 0 0 _a624.171
_222
_bLEE
100 1 _aLeet, Kenneth.
_93609
245 1 0 _aFundamentals of structural analysis /
_cKenneth M. Leet, Chia-Ming Uang, Anne M. Gilbert.
250 _a3rd ed.
_bMcGraw- Hill international edition.
260 _aBoston :
_bMcGraw-Hill Higher Education,
_cc2008.
300 _axxii, 792 p. :
_bill. ;
_c25 cm.
440 4 _aThe McGraw-Hill series in civil and environmental engineering
_93610
500 _aIncludes index.
650 0 _aStructural analysis (Engineering)
_93611
700 1 _aUang, Chia-Ming.
_93612
700 1 _aGilbert, Anne.
_93613
856 4 1 _3Table of contents
_uhttp://www.loc.gov/catdir/toc/ecip0614/2006016656.html
856 4 2 _3Publisher description
_uhttp://www.loc.gov/catdir/enhancements/fy0707/2006016656-d.html
856 4 2 _3Contributor biographical information
_uhttp://www.loc.gov/catdir/enhancements/fy0735/2006016656-b.html
942 _2ddc
_cBB
999 _c11286
_d11286